Người xây dựng
保存先:
| フォーマット: | 図書 |
|---|---|
| 言語: | Undetermined |
| 出版事項: |
Hà Nội
Tổng Hội Xây dựng Việt Nam
2019
|
| 主題: | |
| タグ: |
タグ追加
タグなし, このレコードへの初めてのタグを付けませんか!
|
| Thư viện lưu trữ: | Trung tâm Học liệu Trường Đại học Cần Thơ |
|---|
| LEADER | 00530nam a2200181Ia 4500 | ||
|---|---|---|---|
| 001 | CTU_233368 | ||
| 008 | 210402s9999 xx 000 0 und d | ||
| 020 | |c 16000 | ||
| 082 | |a 624 | ||
| 082 | |b Ng558 | ||
| 245 | 0 | |a Người xây dựng | |
| 245 | 0 | |c Tổng Hội Xây dựng Việt Nam | |
| 260 | |a Hà Nội | ||
| 260 | |b Tổng Hội Xây dựng Việt Nam | ||
| 260 | |c 2019 | ||
| 650 | |a Construction,Xây dựng | ||
| 904 | |i Trang | ||
| 980 | |a Trung tâm Học liệu Trường Đại học Cần Thơ | ||